[Event "EU-Cup 16th"]
[Site "Neum"]
[Date "2000.09.29"]
[Round "6.1"]
[White "Ivanchuk, Vassily"]
[Black "Rublevsky, Sergei"]
[Result "0-1"]
[WhiteElo "2719"]
[BlackElo "2670"]
[Annotator "Ftacnik,L"]
[PlyCount "86"]
[EventDate "2000.09.24"]
[EventType "team-swiss"]
[EventRounds "7"]
[EventCountry "BIH"]
[SourceTitle "CBM 080"]
[Source "ChessBase"]
[SourceDate "2001.01.25"]
[SourceVersion "1"]
[SourceVersionDate "2001.01.25"]
[SourceQuality "1"]
[WhiteTeam "Warsaw Polonia"]
[BlackTeam "Niksic Radonja"]
[WhiteTeamCountry "POL"]
[BlackTeamCountry "YUG"]

1. e4 c5 2. Nf3 e6 3. d4 cxd4 4. Nxd4 a6 5. Be2 Nf6 6. Nc3 Qc7 7. O-O d6 8. a4
Be7 9. a5 O-O 10. Be3 Nbd7 11. g4 h6 12. f4 d5 $5 {Rublevsky looks for some
counterplay against white attack on the kingside.} (12... Nc5 13. Bf3 e5 14.
Nf5 $14) 13. exd5 (13. e5 Ne4 (13... Ne8 14. Bf3 $14) 14. Nxe4 dxe4 15. Qd2 Rd8
$132) 13... Nxd5 (13... exd5 $2 14. g5 hxg5 15. fxg5 Ne4 16. Nxd5 $18) 14. Nxd5
exd5 15. Nf5 (15. g5 $5 hxg5 (15... Re8 16. gxh6 gxh6 17. Nf5 Bc5 18. Bxc5
Qxc5+ 19. Kh1 $14) 16. Nf5 Nf6 17. fxg5 Ne4 18. Qxd5 Bxg5 19. Bxg5 Nxg5 20. Qd6
$14) 15... Nf6 16. Nxe7+ Qxe7 17. Ra3 (17. Bb6 Qd6 $14) 17... Be6 18. Bf3 Rfe8
19. Bd4 {Ivanchuk enjoys two bishops and better pawn structure, but black
position is solid and the knight can jump to e4.} Ne4 20. Re3 (20. f5 Bd7 21.
Re3 (21. f6 gxf6 (21... Nxf6 22. Bxf6 gxf6 23. Bxd5 Qc5+ $14) 22. Bxe4 Qxe4 23.
Re3 Qg6 24. Rxf6 Qg5 25. Rg3 Re4 $11) 21... Qb4 22. Rfe1 Qxa5 23. c4 Qb4 24.
cxd5 Nd2 25. Bc3 Nxf3+ 26. Qxf3 Rxe3 27. Rxe3 Qc4 28. Qe4 $14) 20... f5 21. c4
(21. c3 fxg4 22. Bxg4 Bxg4 23. Qxg4 $14) 21... Rad8 (21... dxc4 $5 22. Rfe1 (
22. gxf5 Bxf5 23. Rfe1 Qd6 24. Bxe4 Rxe4 25. Rxe4 Bxe4 26. Rxe4 Qg6+ $19) 22...
Qd6 23. Bxe4 fxe4 24. Rxe4 Bf7 $11) 22. cxd5 Bxd5 (22... Rxd5 23. Bxe4 fxe4 24.
Rxe4 Qd7 25. Rfe1 $14) 23. gxf5 Qf7 (23... Qb4 $2 24. Bb6 Rd7 25. Rd3 $18) 24.
Rfe1 Qxf5 25. Qc2 Bc6 (25... Qxf4 $2 26. Qg2 $18) 26. Bxe4 $2 {[%mdl 64]
Tactical mistake, that will force white into inferior ending of two rooks
against queen.} (26. Bc3 Qc5 27. b4 Qa7 28. Be5 Nd6 (28... Nf6 29. Qg6 Rf8 30.
Bxc6 bxc6 31. Kh1 $14) 29. Qg6 (29. Bxc6 bxc6 30. Qg6 Qf7 $11) 29... Nf5 30.
Qxf5 (30. Bxc6 Rxe5 31. fxe5 Nxe3 32. Be4 Nc2+ 33. Kf1 Nxe1 34. Qh7+ $11) 30...
Bxf3 31. Kf1 Bd5 32. Rg3 $14) 26... Rxe4 27. Rxe4 Qg6+ 28. Kf2 (28. Qg2 Qxg2+
29. Kxg2 Rxd4 30. Kf3 Rb4 $17) (28. Kh1 $2 Rxd4 29. f5 Rxe4 $19) 28... Rxd4 29.
Qxc6 $8 (29. Qb3+ Kh7 30. Rxd4 Qg2+ 31. Ke3 Qf3+ 32. Kd2 Qxb3 $19) 29... Qxc6
30. Rxd4 Qc5 31. Ree4 Qxa5 32. b4 {The position must be drawn, but it takes
patience for the unpleasant white's defence.} Qa3 33. Kg2 (33. Rd7 Qh3 34. Rxb7
Qxh2+ 35. Ke3 Qg3+ 36. Kd4 h5 $15) 33... Qc3 34. Rd8+ Kh7 35. Rdd4 (35. Re7 $2
Qxb4 36. Rdd7 Qb2+ 37. Kf3 b5 $19) 35... b6 36. f5 a5 $1 37. bxa5 bxa5 38. Ra4
Qc5 39. Rf4 Qd5+ 40. Kg3 Qd3+ 41. Kg2 Qe3 42. Rf2 (42. h3 $15) 42... Qg5+ 43.
Kf1 $4 (43. Kh3 Qg1 44. Rff4 h5 $15) 43... Qc1+ (43... Qc1+ 44. Kg2 Qc6+ $19)
0-1

[Event "Olympiad-34"]
[Site "Istanbul"]
[Date "2000.10.30"]
[Round "3.1"]
[White "Marin, Mihail"]
[Black "Ivanchuk, Vassily"]
[Result "1/2-1/2"]
[WhiteElo "2557"]
[BlackElo "2719"]
[Annotator "Marin,M"]
[PlyCount "42"]
[EventDate "2000.10.28"]
[EventType "team-swiss"]
[EventRounds "14"]
[EventCountry "TUR"]
[SourceTitle "EXT 2001"]
[Source "ChessBase"]
[SourceDate "2000.11.22"]
[SourceVersion "1"]
[SourceVersionDate "2000.11.22"]
[SourceQuality "1"]
[WhiteTeam "Romania"]
[BlackTeam "Ukraine"]
[WhiteTeamCountry "ROU"]
[BlackTeamCountry "UKR"]

1. c4 e6 2. g3 d5 3. Bg2 dxc4 ({Usually black plays first} 3... Nf6 4. Nf3 {
and only now} dxc4) 4. Qa4+ Nd7 5. Na3 $5 {White tries to make use of the move
order chosen by black: the long light diagonal is not yet obstructed by Nf3.}
Rb8 $1 ({The idea of white's previous move can be seen after} 5... a6 6. Nxc4
b5 7. Qc2 Rb8 8. Na5 $16) (5... c6 {is also not enough for equality:} 6. Qxc4
$14 {/\Qc2, Nc4}) 6. Qxa7 b5 (6... Bc5) 7. Bc6 Rb6 8. Bxb5 Bxa3 9. Bxd7+ Qxd7
10. Qxa3 Ne7 11. Nf3 Bb7 $44 {Black has certain compensation for the pawn:
slight lad in development, absence of the white light squared bishop.
Nevertheless, white has the better pawn structure.} 12. O-O (12. Qc3 $5) 12...
O-O 13. b4 $6 (13. Qc3 $142 Bxf3 14. Qxf3 Nf5 $44) 13... cxb3 14. axb3 Bxf3 15.
exf3 Rfb8 $15 {Somewhere around this moment the lights in the playing hall
were off and we had to wait for half an hour in semi-oscurity.This might
explain some errors ocurred in the game, as the players needed some time to
recover the concentration.} 16. Qa4 (16. Rb1 Nf5) 16... Nc6 (16... Qd5 17. Qe4
Rxb3 18. Ra3 $5 (18. Ba3 Rxf3) (18. Kg2)) 17. Bb2 Rb4 (17... Qxd2 $142 18. Rac1
Qxb2 19. Rxc6 Rxb3 20. Rxc7 Rxf3 21. Qc6 Rd3 22. Rc8+ Rd8 23. Rxd8+ Rxd8 $15)
18. Qa6 Rxb3 19. Bc3 $11 {White has finally solved the problem of his bishop
and is out of danger now.} R3b5 20. Qa4 Ne7 21. Qg4 Nf5 1/2-1/2

[Event "Corus"]
[Site "Wijk aan Zee"]
[Date "2001.01.14"]
[Round "2"]
[White "Ivanchuk, Vassily"]
[Black "Adams, Michael"]
[Result "1/2-1/2"]
[WhiteElo "2717"]
[BlackElo "2746"]
[Annotator "Golod,V"]
[PlyCount "66"]
[EventDate "2001.01.13"]
[EventType "tourn"]
[EventRounds "13"]
[EventCountry "NED"]
[EventCategory "19"]
[SourceTitle "CBM 081"]
[Source "ChessBase"]
[SourceDate "2001.03.20"]
[SourceVersion "1"]
[SourceVersionDate "2001.03.20"]
[SourceQuality "1"]

1. d4 Nf6 2. c4 e6 3. Nc3 Bb4 4. Qc2 d5 5. cxd5 Qxd5 {One of reliable method
of playing in this variation.} 6. e3 ({Another mainline is:} 6. Nf3 Qf5 {
-fashionable move, played on the highest level of tournaments.}) 6... c5 7. Bd2
Bxc3 8. Bxc3 cxd4 9. Bxd4 Nc6 10. Bc3 O-O (10... Qc5 {See detailed commented
game Seirawan,Y-Adams,M/Bermuda,2000/CBM 75(1/2-1/2)(Golod,V)(26)}) ({In some
games played in 2000 more popular was:} 10... Bd7 11. Nf3 Rc8 12. a3 (12. Be2
Nb4 13. Qb1 Bb5 14. Bxb4 Bxe2 15. Kxe2 Qb5+ 16. Qd3 Qxb4 17. Rab1 O-O 18. Rhd1
$15 {1/2-1/2 Serper,G-Christiansen,L/Seattle USA 2000/The Week in Chess 309 
(42)}) 12... Ne7 13. Rd1 (13. Be2 O-O 14. O-O Bb5 15. Rfd1 {1/2-1/2 Khalifman,
A-Leko,P/Dortmund,2000(15)}) 13... Qc5 14. e4 (14. Rd4 O-O 15. Rc4 Qb6 16. Bd4
Qa5+ 17. Bc3 Qb6 18. Bd4 Qa5+ 19. Bc3 {1/2-1/2 Cramling,P-Illescas Cordoba,M/
Barcelona ESP 2000/The Week in Chess 301 (19)}) 14... Bb5 (14... O-O 15. Bd3
Ng6 $11 {1-0 Akesson,R-Plaskett,J/Port Erin IOM 2000/The Week in Chess 311 (35)
}) 15. Be2 $11 {1/2-1/2 Van Wely,L-Gelfand,B/Polanica Zdroj POL 2000/The Week
in Chess 302 (38)}) (10... e5 {See comments to the games: Kramnik,V-Anand,V/
Frankfurt,1999/CBM 72 (1/2-1/2)(49) and Gelfand,B-Speelman,J/Las Vegas,1999/
CBM 72(1-0)(Golod,V)(53)}) 11. Nf3 Qc5 (11... b6 {See comments to the game:
Shipov,S-Short,N/Port Erin,1999/CBM 74 (1-0)(Golod,V)(43)}) 12. a3 {[%mdl 4]} (
{In case of:} 12. Rc1 Nd5 13. Bd3 $1 {Ivanchuk's idea} ({Otherwise black
equalizes without difficulties:} 13. Bd2 Qxc2 14. Rxc2 Rd8 15. a3 h6 (15... e5
16. Bb5 Nde7 17. Bc3 f6 18. Bc4+ Kf8 19. Rd2 Bg4 $11 {1/2-1/2 Lazarev,V-Hebert,
J/Montreal CAN 2000/The Week in Chess 301 (37)}) 16. b4 a6 17. Bc4 e5 18. O-O
Bf5 19. Rcc1 e4 20. Nd4 Nxd4 21. exd4 Rac8 22. Bxd5 {1/2-1/2 Georgiev,K-Adams,
M/Sarajevo BIH 2000 (22)}) 13... Nxc3 14. Bxh7+ Kh8 15. Bd3 Nb4 16. Qd2 Nbxa2
17. Rc2 $14) 12... Nd5 $146 {[%csl Rc3][%cal Gd5c3]} 13. Bd3 $1 {[%cal Gc2h7]
New idea! After eventual QQ exchange after Bc3-d2 white Bd3 will take on c2
and then will be replaced on active position on b3.} g6 (13... Nxc3 $2 14.
Bxh7+ Kh8 15. Bd3 $16 {[%csl Rc3]}) (13... h6 $4 14. Bh7+ Kh8 15. Bxg7+ $18) (
13... f5 $144 14. Bd2 Qxc2 15. Bxc2 Rd8 $14) 14. Bd2 $1 {White protects the
Bc3 from exchange and leaves with pair of BB.} (14. Rc1 $6 Nxc3 $11 {[%cal
Gc8d7]}) 14... Qxc2 15. Bxc2 e5 $2 {[%cal Gc8g4,Gf7f6]} ({I would prefer} 15...
b6 16. e4 Nde7 17. O-O $14) 16. Bb3 $1 Rd8 (16... Be6 17. Ng5 $1 $16 {[%csl
Re6]}) (16... Nde7 17. Bc3 $16 {[%csl Re5]}) 17. Rc1 $2 $11 {Dropping an
advantage.} ({Very strong was} 17. Ng5 $1 {and white leaves with serious
advantage in any case:} f5 (17... f6 18. e4 $16) (17... h6 18. Nxf7 Kxf7 19. e4
Be6 (19... Nd4 20. Bxd5+ Be6 21. Bxe6+ Kxe6 22. Rd1 $16) 20. exd5 Bxd5 21.
Bxd5+ Rxd5 22. Bxh6 $16) (17... Kg7 18. e4 Nf4 19. Bxf4 exf4 20. Nxf7 Rd4 21.
f3 (21. Bd5 Ne7 $11) 21... Rd7 22. Ng5 Rc7 {[%cal Gh7h6,Gc6d4]} 23. Rd1 h6 (
23... Kf6 24. h4 h6 25. Nh3 Bxh3 26. Rxh3 $16) 24. Ne6+ Bxe6 25. Bxe6 Ne5 26.
Ke2 $16) (17... Be6 18. Nxe6 fxe6 19. Rd1 $16 {[%csl Gb3,Gd2,Re5,Re6]} (19. Ke2
Nf4+)) 18. Rd1 $1 ({Or} 18. e4 fxe4 19. Nxe4 $14) 18... Kg7 $8 19. f4 $1 {
[%csl Rg7]} Nf6 $8 (19... exf4 $140 20. Bxd5 Rxd5 21. Bc3+ $18) 20. O-O $16)
17... h6 {[%csl Yh6][%cal Yh6g5]} 18. Ba4 Nde7 19. Bc3 f6 20. Nd2 Kg7 {Now
position is equal, pair of BB is not important here,black hasn't weaknesses...}
21. b4 Nd5 (21... Bd7 $11) 22. Nb3 {[%csl Ra4]} Nce7 23. Bb2 b6 {[%csl Rb3,Yb6]
[%cal Yb6a5,Yb6c5]} 24. g3 Bd7 25. Bxd7 Rxd7 26. Ke2 Kf7 $11 27. Rhd1 Rad8 28.
b5 Nc7 29. Rxd7 Rxd7 30. a4 a6 $5 31. bxa6 Nxa6 32. Ba3 Ra7 33. Nd2 Nb8 1/2-1/2

[Event "Corus"]
[Site "Wijk aan Zee"]
[Date "2001.01.28"]
[Round "13"]
[White "Ivanchuk, Vassily"]
[Black "Timman, Jan H"]
[Result "1-0"]
[WhiteElo "2717"]
[BlackElo "2629"]
[Annotator "Ftacnik,L"]
[PlyCount "83"]
[EventDate "2001.01.13"]
[EventType "tourn"]
[EventRounds "13"]
[EventCountry "NED"]
[EventCategory "19"]
[SourceTitle "CBM 081"]
[Source "ChessBase"]
[SourceDate "2001.03.20"]
[SourceVersion "1"]
[SourceVersionDate "2001.03.20"]
[SourceQuality "1"]

1. Nf3 Nf6 2. c4 b6 3. g3 Bb7 4. d4 e6 5. Bg2 Be7 6. Nc3 O-O 7. O-O Ne4 8. Bd2
f5 9. Qc2 Bf6 10. Rad1 Na6 11. Ne5 Nxc3 12. Bxc3 (12. Bxb7 $2 Nxe2+ 13. Kg2
Nxd4 14. Qd3 Bxe5 15. Bxa6 c5 $19) 12... Bxg2 13. Kxg2 Qc8 (13... d6 14. Nc6
Qe8 15. d5 Bxc3 16. Qxc3 f4 (16... exd5 17. cxd5 Qxe2 18. Rfe1 Qg4 19. Re7 $14)
17. Rfe1 fxg3 18. hxg3 e5 $13) 14. Rfe1 Qb7+ (14... Bxe5 15. dxe5 f4 16. Rd4
fxg3 17. hxg3 Qe8 18. Red1 $14) 15. Kg1 (15. d5 Nc5 16. Nf3 Bxc3 17. Qxc3 Rae8
$13) 15... Bxe5 $6 {[%mdl 16] Black understimates the dangers of a cramped
nature of his d pawn.} (15... c6 16. Qc1 d6 17. Nd3 Qe7 $13) 16. dxe5 Rf7 17.
b4 c6 18. Rd6 b5 (18... f4 19. g4 $14) 19. Red1 bxc4 20. a3 Rc8 (20... Nc7 21.
Rxd7 Rxd7 22. Rxd7 Qc8 23. Rd1 Nd5 24. Bd2 Qa6 25. Rc1 $14) (20... Rd8 21. Rxe6
Nc7 22. Red6 Nb5 23. R6d2 Nxa3 24. Qa2 Nb5 25. Qxc4 Nxc3 26. Qxc3 Rb8 27. Rd4
$14) 21. Be1 Nb8 $6 (21... Qb5 22. a4 Qxe5 23. Rxd7 Rxd7 24. Rxd7 $14) 22. a4
c5 (22... f4 23. Qxc4 fxg3 24. hxg3 $16) 23. b5 Qe4 (23... a6 24. Qxc4 axb5 25.
axb5 $16) 24. Qxe4 fxe4 25. Bc3 Kf8 $6 {Timman misses the last chance to stirr
trouble for white, without counterplay is black position completely lost.} (
25... Rcf8 $5 26. Rf1 g5 27. a5 g4 28. a6 (28. e3 Kg7 29. a6 Kg6 30. Rd2 Kf5
31. Ra1 h5 32. Ra4 d5 33. exd6 Nd7 34. Rxc4 Rb8 35. Rb2 $14) 28... e3 29. f4
gxf3 30. Rxf3 Rxf3 31. exf3 Rxf3 32. b6 Nc6 33. Rxd7 axb6 34. Rc7 e2 35. Rxc6
Rxc3 36. Kf2) 26. Kg2 Rc7 27. Bd2 Rc8 28. g4 c3 29. Be3 (29. Bxc3 Ke8 30. Rc1
$18) 29... a6 30. Rc1 axb5 31. axb5 Ke8 (31... c4 32. Rxc3 Ke8) 32. Rxc3 c4 33.
h3 (33. Rd4 d5 34. exd6 Rb7 35. Rxe4 Kd7 36. b6 $18) 33... Rf8 34. Ba7 $1 Ke7 (
34... Rf7 35. Rb6 $18) 35. Rd4 e3 (35... d5 36. exd6+ Kd7 37. Rxe4 $18) 36.
fxe3 Rc7 37. Bb6 Rb7 (37... Rcc8 38. Rdxc4 $18) 38. Bc5+ Ke8 39. b6 $1 (39.
Bxf8 Kxf8 40. Rdxc4 Rxb5 $16) 39... Rg8 40. Ra3 d5 (40... Nc6 41. Ra8+ Rb8 42.
Rxb8+ Nxb8 43. Rxc4 $18) 41. exd6 e5 42. Ra7 $1 (42. Ra7 $1 Rd7 43. Rxc4 $18)
1-0

[Event "Amber-rapid 10th"]
[Site "Monte Carlo"]
[Date "2001.03.27"]
[Round "9"]
[White "Ivanchuk, Vassily"]
[Black "Van Wely, Loek"]
[Result "1-0"]
[WhiteElo "2717"]
[BlackElo "2700"]
[PlyCount "85"]
[EventDate "2001.03.17"]
[EventType "tourn (rapid)"]
[EventRounds "11"]
[EventCountry "MNC"]
[EventCategory "18"]
[SourceTitle "CBM 081 Extra"]
[Source "ChessBase"]
[SourceDate "2001.05.06"]
[SourceVersion "1"]
[SourceVersionDate "2001.05.06"]
[SourceQuality "1"]

1. d4 Nf6 2. c4 g6 3. g3 Bg7 4. Bg2 d5 5. cxd5 Nxd5 6. e4 Nb4 7. d5 c6 8. a3
Qa5 9. Nc3 cxd5 10. Be3 N4c6 11. exd5 Ne5 12. Bd4 Bf5 13. Bxe5 Bxe5 14. Nge2
O-O 15. O-O Qb6 16. Na4 Qd6 17. Re1 Na6 18. Nd4 Bd7 19. Nc3 Bg7 20. Qd2 Nc5 21.
Rad1 Rac8 22. Qe3 Rfe8 23. Nc6 Bxc3 24. Qxc3 a6 25. Qe3 Bg4 26. Rd4 bxc6 27.
dxc6 Qe6 28. Qc3 Qf5 29. Rf4 Qh5 30. Re5 Bf5 31. Bf3 Na4 32. Rxa4 Qh6 33. c7 f6
34. Rxf5 gxf5 35. Bb7 Qh5 36. Rd4 e5 37. Rd7 f4 38. Bxc8 Rxc8 39. Rd8+ Kg7 40.
Rxc8 Qd1+ 41. Kg2 e4 42. gxf4 Qg4+ 43. Qg3 1-0

[Event "WchT 5th"]
[Site "Yerevan"]
[Date "2001.10.14"]
[Round "3.1"]
[White "Kasimdzhanov, Rustam"]
[Black "Ivanchuk, Vassily"]
[Result "0-1"]
[WhiteElo "2706"]
[BlackElo "2731"]
[Annotator "Kasimdzhanov,R"]
[PlyCount "68"]
[EventDate "2001.10.12"]
[EventType "team-tourn"]
[EventRounds "9"]
[EventCountry "ARM"]
[SourceTitle "CBM 086"]
[Source "ChessBase"]
[SourceDate "2002.02.05"]
[SourceVersion "1"]
[SourceVersionDate "2002.02.05"]
[SourceQuality "1"]
[WhiteTeam "Uzbekistan"]
[BlackTeam "Ukraine"]
[WhiteTeamCountry "UZB"]
[BlackTeamCountry "UKR"]

1. d4 Nf6 2. c4 e6 3. g3 c5 4. Nf3 cxd4 5. Nxd4 Qc7 6. Nd2 Bc5 7. N2b3 Be7 8.
Bf4 $4 {a most horrible hallucination. I spent about 20 minutes at the board,
and was very happy - clear indication that in Yereven something was more than
seriously wrong with my brains.} e5 9. Nb5 Qc6 10. Bxe5 Qxh1 11. Nc7+ Kd8 12.
Nxa8 Bb4+ 13. Nd2 $2 (13. Bc3 Bxc3+ 14. bxc3 Qc6 15. Nd4 {certainly gave
better chances. But I was still following my calculations...}) 13... Ne4 {
and only here I realised that after} 14. Bc3 (14. Bc7+ Ke8 15. Bf4 {black
mates with Qh2 or Qg1}) 14... Bxc3 (14... Nxc3 15. Qb3 Nxa2 16. Qxa2 Nc6 17. c5
Bxc5 18. Rc1 b6 19. Qxf7 Bb7 20. Qxg7 Re8 {was also winning, and probably
faster}) 15. bxc3 Re8 16. Nxe4 Qxe4 17. Qb3 (17. Qd4 Qxd4 18. cxd4 b6 19. Bg2
Nc6 20. d5 Nd4 21. Rd1 Nxe2 22. Kd2 Nd4 23. d6 Re2+ 24. Kc3 Rxf2 {was also
grim. The rest is agony.}) 17... Na6 18. O-O-O b6 19. Nxb6 axb6 20. Qxb6+ Nc7
21. e3 Qf3 22. Qb2 Re6 23. Bd3 Na6 24. c5 Nxc5 25. Bc4 Rf6 26. Qb4 d6 $1 27.
Rd2 (27. Qxc5 Qxd1+) 27... Qh1+ 28. Rd1 Qc6 29. Bd5 Qa6 30. Bc4 Qa7 31. f4 Kc7
32. Rd4 Bb7 33. g4 Rh6 34. Qb2 Rh3 0-1

[Event "FIDE GP"]
[Site "Dubai"]
[Date "2002.04.03"]
[Round "1.1"]
[White "Bareev, Evgeny"]
[Black "Ivanchuk, Vassily"]
[Result "1-0"]
[WhiteElo "2707"]
[BlackElo "2717"]
[Annotator "Lutz,C"]
[PlyCount "133"]
[EventDate "2002.04.03"]
[EventType "k.o. (rapid)"]
[EventRounds "5"]
[EventCountry "UAE"]
[SourceTitle "CBM 089"]
[Source "ChessBase"]
[SourceDate "2002.08.12"]
[SourceVersion "1"]
[SourceVersionDate "2002.08.12"]
[SourceQuality "1"]

1. c4 c6 2. d4 d5 3. Nf3 Nf6 4. e3 e6 5. Nc3 Nbd7 6. Qc2 Bd6 7. g4 h6 8. Bd2 b6
$5 {Es ist erstaunlich, dass dieser natürliche Zug erst einige Male in weniger
bedeutenden Partien angewandt wurde.} (8... Qe7) 9. cxd5 (9. Rg1 Bb7 10. O-O-O
Qc7 11. h4 O-O-O 12. Kb1 Ne4 13. Be1 Ndf6 14. cxd5 Nxc3+ 15. Bxc3 cxd5 16. Nd2
Rhg8 17. f3 Kb8 18. g5 hxg5 19. hxg5 Nd7 20. f4 f5 21. Rh1 $14 {1-0 San
Segundo Carrillo,P-Carraminana Lopez,J/Zaragoza 1998/EXT 2000 (41)}) 9... exd5
10. Rg1 Qe7 (10... Bb7 11. Bd3 (11. O-O-O Qc7 12. h3 O-O-O 13. Kb1 Kb8 14. Rc1
Nf8 15. Bd3 Ne6 16. h4 h5 17. g5 Ng4 18. Be1 g6 19. Qa4 $13 {1-0 Abou el Zein,
E-Hashim,A/Doha 1992/EXT 97 (33)}) 11... Qe7 12. h4 c5 13. O-O-O Ne4 14. dxc5
bxc5 15. Be1 O-O 16. Bxe4 dxe4 17. Nd2 Be5 18. Ndxe4 Bxc3 19. Nxc3 Bf3 20. Ne2
Ne5 21. Bc3 Rfd8 22. g5 hxg5 23. hxg5 Ng4 24. Rxd8+ Rxd8 25. g6 fxg6 26. Nf4
$16 {1-0 Dobrov,V-Gorkavij,V/Rybinsk 2001/EXT 2002 (38)}) 11. O-O-O Bb7 12. Bd3
c5 13. Nh4 $5 g6 14. Bxg6 $5 {Weiß erhält für die zwei Figuren Turm und zwei
Freibauern am Königsflügel, muss dafür aber eine Schwächung seiner weißen
Felder in Kauf nehmen. Weiß steht besser, aber klar ist die Lage nicht.} fxg6
15. Nxg6 Qh7 16. Nxh8 Qxh8 17. h4 O-O-O 18. g5 (18. f3 $5 {kommt in Betracht,
um das Feld e4 zu kontrollieren und erst dann g4-g5 zu spielen.}) 18... hxg5
19. hxg5 Ne4 20. Nxe4 dxe4 {Jetzt bekommt Schwarz Gegenspiel auf den weißen
Feldern.} 21. Bc3 Qg8 22. dxc5 Nxc5 23. Bf6 Rd7 24. Kb1 (24. b4 Rc7 25. bxc5
Rxc5 26. Bc3 Be5 27. Bxe5 Rxc2+ 28. Kxc2 Qxa2+ 29. Bb2 Ba6 {ist mindestens
Remis für Schwarz.}) 24... Ba6 25. b4 (25. Ka1 Bd3 26. Qc3 Rc7 $13) 25... Bd3
26. Rxd3 exd3 27. Qc3 Kb7 28. bxc5 Bxc5 29. Rd1 Qd5 30. g6 (30. Bd4 Qxg5 31.
Qxd3 $14 {mit einem Mehrbauern für Weiß, allerdings ist fraglich, ob sich
dieser angesichts des schlechten Königs verwerten lässt.}) 30... Qf3 31. Rd2 $2
{Danach bekommt Weiß Probleme.} (31. Rxd3 Qf5 32. Bd4 Bxd4 33. exd4 Qxg6 $14)
31... Rc7 32. a4 (32. g7 Ba3 33. Qxa3 Qh1+ 34. Kb2 Qc1+ 35. Kb3 Qxd2) 32... Be7
33. Qxc7+ Kxc7 34. Bxe7 Qg4 $6 (34... Qh1+ 35. Kb2 Qh8+ 36. Kb3 (36. Kb1 Qc3)
36... Qg8+ 37. Ka3 Qg7 38. Bb4 a5 $17) 35. Rxd3 Qxg6 36. Kc2 Qf7 37. Bd6+ Kc6
38. f4 Qa2+ 39. Kc3 Qxa4 40. Be5 Qe4 41. Kd2 Qg2+ 42. Kc3 a5 43. Rd6+ Kc5 44.
Rf6 a4 45. Bd4+ Kd5 46. Rxb6 Qa2 47. Rb5+ Ke4 48. f5 Qa3+ 49. Kc4 Qd3+ 50. Kb4
a3 51. Re5+ Kf3 52. Ra5 Qd2+ 53. Kb5 Qd3+ 54. Kb6 Qb3+ 55. Kc5 Qc2+ 56. Kd6 Qc8
57. Rxa3 Qf8+ 58. Ke6 Qxa3 59. f6 Kg4 60. f7 Kg5 61. Bg7 Qxe3+ 62. Kd7 Qa7+ 63.
Ke8 Qb8+ 64. Ke7 Qc7+ 65. Ke6 Qc6+ 66. Ke7 Qe4+ 67. Kd7 1-0